Removal of ammonium and phosphates from aqueous solutions by biochar produced from agricultural waste

The concern about protecting water quantity and quality is one of the most severe challenges of the twenty-first century since the demand for water resources grows as the population and its needs grow. Additionally, and as expected, most human activities produce wastewater containing undesirable con...

Teljes leírás

Elmentve itt :
Bibliográfiai részletek
Szerzők: Pantoja Alvarez Fernanda Liceth
Sukmana Hadid
Beszédes Sándor
László Zsuzsanna
Dokumentumtípus: Cikk
Megjelent: 2023
Sorozat:JOURNAL OF MATERIAL CYCLES AND WASTE MANAGEMENT 25
Tárgyszavak:
doi:10.1007/s10163-023-01687-8

mtmt:33832634
Online Access:http://publicatio.bibl.u-szeged.hu/27401
LEADER 02006nab a2200277 i 4500
001 publ27401
005 20230703111757.0
008 230612s2023 hu o 0|| Angol d
022 |a 1438-4957 
024 7 |a 10.1007/s10163-023-01687-8  |2 doi 
024 7 |a 33832634  |2 mtmt 
040 |a SZTE Publicatio Repozitórium  |b hun 
041 |a Angol 
100 2 |a Pantoja Alvarez Fernanda Liceth 
245 1 0 |a Removal of ammonium and phosphates from aqueous solutions by biochar produced from agricultural waste  |h [elektronikus dokumentum] /  |c  Pantoja Alvarez Fernanda Liceth 
260 |c 2023 
300 |a 14 
300 |a 1921-1934 
490 0 |a JOURNAL OF MATERIAL CYCLES AND WASTE MANAGEMENT  |v 25 
520 3 |a The concern about protecting water quantity and quality is one of the most severe challenges of the twenty-first century since the demand for water resources grows as the population and its needs grow. Additionally, and as expected, most human activities produce wastewater containing undesirable contaminants. On the other hand, the generation of agricultural waste and its inappropriate disposal causes further problems. Current wastewater treatment methods involve a combination of physical and chemical processes, technologies, and operations to remove pollutants from effluents; adsorption is an excellent example of an effective method for wastewater treatment, and biochar is currently one of the most valuable adsorbents. This review focuses on new research about applying biochar produced from agricultural waste as a low-cost and environmentally friendly method for removing ammonium and phosphates from aqueous solutions. 
650 4 |a Föld- és kapcsolódó környezettudományok 
700 0 1 |a Sukmana Hadid  |e aut 
700 0 1 |a Beszédes Sándor  |e aut 
700 0 1 |a László Zsuzsanna  |e aut 
856 4 0 |u http://publicatio.bibl.u-szeged.hu/27401/3/33832634_megjelent.pdf  |z Dokumentum-elérés  
856 4 0 |u http://publicatio.bibl.u-szeged.hu/27401/1/s10163-023-01687-8.pdf  |z Dokumentum-elérés